00826 a2200169 4500003000500000005001700005040000900022082001400031100003300045245004600078260003100124300001200155505032400167942002300491999001900514952012300533NUST20221206123106.0 cNust a153.2,KNO aKnowlson, T.Sharper 9104174 aCreating new Ideas /cT. Sharper Knowlson alondonbmartins lanec1938 a147p .: aA Look all Round the Subject (Page-7),The Thrill of New Ideas (Page-21), Here are the Needed Personal Qualifica (Page-41), Where to Look for New Ideas How to begin and Carry on(Page-), Lastly From your Own Programmed (Page-79), A Clearing House for New Ideas (Page-91), Some Points for Final Consideration (Page-105). 2ddccBKk153.2,KNO c193782d193782 00102ddc4070aMCSbMCScGENd2016-12-12o153.2,KNOpMCS30198r2016-12-08w2016-12-12yBKzAlmirah No.46, Shelf No.4